[Event "SVK-ch Seniors-B"]
[Site "Tatranske Matliare"]
[Date "2009.??.??"]
[Round "5"]
[White "Hanzluvka, Peter"]
[Black "Knotek, Anton"]
[Result "1/2-1/2"]
[WhiteElo "2046"]
[BlackElo "1961"]
[PlyCount "32"]
[EventDate "2009.05.31"]
[EventType "swiss"]
[EventRounds "9"]
[EventCountry "SVK"]
[SourceTitle "EXT 2023"]
[Source "ChessBase"]
[SourceDate "2022.10.05"]
[SourceVersion "1"]
[SourceVersionDate "2022.10.05"]
[SourceQuality "1"]

1. e4 e5 2. Nf3 Nc6 3. Bc4 Nf6 4. d3 Bc5 5. 0-0 d6 6. h3 0-0 7. c3 Be6 8. Bxe6 fxe6 9. Qb3 Qe8 10. Nbd2 Nh5 11. Nc4 Rxf3 12. gxf3 Qg6+ 13. Kh1 Ng3+ 14. fxg3 Qxg3 15. Be3 Qxh3+ 16. Kg1 Qg3+ 1/2-1/2

[Event "SVK-chT2B 0809"]
[Site "Slovakia"]
[Date "2008.11.08"]
[Round "3.7"]
[White "Knotek, Anton"]
[Black "Kukel, Imre"]
[Result "1/2-1/2"]
[WhiteElo "1947"]
[BlackElo "1986"]
[PlyCount "24"]
[EventDate "2008.10.11"]
[EventType "team-tourn"]
[EventRounds "11"]
[EventCountry "SVK"]
[SourceTitle "EXT 2010"]
[Source "ChessBase"]
[SourceDate "2010.11.25"]
[SourceVersion "1"]
[SourceVersionDate "2010.11.25"]
[SourceQuality "1"]
[WhiteTeam "Nitra NSK III"]
[BlackTeam "Komarno KSC"]
[WhiteTeamCountry "SVK"]
[BlackTeamCountry "SVK"]

1. e4 c5 2. Nf3 e6 3. d4 cxd4 4. Nxd4 Nf6 5. Nc3 d6 6. Bc4 a6 7. 0-0 Qc7 8. Bb3 Be7 9. Re1 Nc6 10. Kh1 Nxd4 11. Qxd4 b5 12. f4 Qc5 1/2-1/2

[Event "SVK-ch"]
[Site "Trencianske Teplice"]
[Date "2005.??.??"]
[Round "1"]
[White "Havlicek, Libor"]
[Black "Knotek, Anton"]
[Result "1-0"]
[WhiteElo "2346"]
[BlackElo "1988"]
[PlyCount "79"]
[EventDate "2005.07.03"]
[EventType "swiss"]
[EventRounds "9"]
[EventCountry "SVK"]
[SourceTitle "EXT 2007"]
[Source "ChessBase"]
[SourceDate "2006.11.23"]
[SourceVersion "1"]
[SourceVersionDate "2006.11.23"]
[SourceQuality "1"]

1. e4 e5 2. Nf3 Nc6 3. d4 exd4 4. Nxd4 Nf6 5. Nxc6 bxc6 6. Bd3 d5 7. exd5 cxd5 8. 0-0 Be7 9. c3 0-0 10. Nd2 c5 11. Qc2 Be6 12. Nf3 h6 13. Re1 Bd6 14. Bf5 Bxf5 15. Qxf5 Qd7 16. Nh4 Rfe8 17. Bxh6 Qxf5 18. Nxf5 Bxh2+ 19. Kxh2 Ng4+ 20. Kg3 Nxh6 21. Nxh6+ gxh6 22. Kf4 Rab8 23. b3 a5 24. Re5 Rxe5 25. Kxe5 Rd8 26. Rd1 Re8+ 27. Kd6 Re2 28. Rxd5 Rxf2 29. g4 Rg2 30. Rxc5 Rxg4 31. c4 Kg7 32. Rxa5 Kg6 33. Rd5 Rg2 34. c5 f5 35. c6 Kf6 36. c7 Rg8 37. b4 f4 38. b5 Re8 39. b6 f3 40. Rd3 1-0

[Event "SVK-ch"]
[Site "Trencianske Teplice"]
[Date "2005.??.??"]
[Round "6"]
[White "Knotek, Anton"]
[Black "Jurcisin, Imrich"]
[Result "0-1"]
[WhiteElo "1988"]
[BlackElo "2148"]
[PlyCount "58"]
[EventDate "2005.07.03"]
[EventType "swiss"]
[EventRounds "9"]
[EventCountry "SVK"]
[SourceTitle "EXT 2007"]
[Source "ChessBase"]
[SourceDate "2006.11.23"]
[SourceVersion "1"]
[SourceVersionDate "2006.11.23"]
[SourceQuality "1"]

1. e4 d5 2. exd5 Nf6 3. d4 Nxd5 4. Nf3 Bf5 5. Bc4 e6 6. 0-0 Be7 7. Bb3 0-0 8. c4 Nb6 9. Nc3 Nc6 10. Be3 Bf6 11. Na4 Bg4 12. Nxb6 axb6 13. h3 Bxf3 14. Qxf3 Bxd4 15. Rad1 e5 16. Qe4 Qf6 17. Bc2 g6 18. Bb1 Rfd8 19. h4 Bxe3 20. fxe3 Rxd1 21. Rxd1 Rd8 22. Rf1 Qe7 23. h5 f5 24. Qf3 e4 25. Qf4 Ne5 26. g4 Nxg4 27. hxg6 hxg6 28. c5 Qxc5 29. Re1 Qe5 0-1

[Event "SVK-ch"]
[Site "Trencianske Teplice"]
[Date "2005.??.??"]
[Round "5"]
[White "Strasil, Pavel"]
[Black "Knotek, Anton"]
[Result "1/2-1/2"]
[WhiteElo "2172"]
[BlackElo "1988"]
[PlyCount "50"]
[EventDate "2005.07.03"]
[EventType "swiss"]
[EventRounds "9"]
[EventCountry "SVK"]
[SourceTitle "EXT 2007"]
[Source "ChessBase"]
[SourceDate "2006.11.23"]
[SourceVersion "1"]
[SourceVersionDate "2006.11.23"]
[SourceQuality "1"]

1. e4 e5 2. Nf3 Nc6 3. Bb5 a6 4. Ba4 Nf6 5. 0-0 b5 6. Bb3 Be7 7. Re1 0-0 8. a4 Bb7 9. d4 d6 10. Nc3 exd4 11. Nxd4 Nxd4 12. Qxd4 c5 13. Qd1 c4 14. Ba2 Qa5 15. Bd2 b4 16. Nd5 Nxd5 17. exd5 Qxd5 18. f3 Qc5+ 19. Be3 Qc7 20. Bf4 Rac8 21. Qe2 Bf6 22. Bxc4 Bxb2 23. Rad1 Bc3 24. Bd2 Bxd2 25. Rxd2 a5 1/2-1/2

[Event "Tatry op"]
[Site "Tatranske Zruby"]
[Date "2003.10.04"]
[Round "9"]
[White "Knotek, Anton"]
[Black "Blaho, Stefan"]
[Result "0-1"]
[WhiteElo "2105"]
[BlackElo "2228"]
[PlyCount "94"]
[EventDate "2003.09.27"]
[EventType "swiss"]
[EventRounds "9"]
[EventCountry "SVK"]
[SourceTitle "CBM 096 Extra"]
[Source "ChessBase"]
[SourceDate "2003.10.22"]
[SourceVersion "2"]
[SourceVersionDate "2003.10.20"]
[SourceQuality "1"]

1. e4 c5 2. Nf3 d6 3. d4 cxd4 4. Nxd4 Nf6 5. Nc3 g6 6. Bc4 Bg7 7. 0-0 0-0 8. Kh1 Nc6 9. h3 Qb6 10. Nb3 a6 11. Be3 Qc7 12. a4 Ne5 13. Be2 Nc4 14. Bxc4 Qxc4 15. f3 Bd7 16. a5 Bc6 17. Qd3 Qe6 18. Nd4 Qe5 19. Nxc6 bxc6 20. f4 Qe6 21. Rae1 Rfb8 22. Bb6 Nd7 23. f5 Qe5 24. Na4 Qb5 25. b3 Qxd3 26. cxd3 Nxb6 27. Nxb6 Ra7 28. fxg6 hxg6 29. Rc1 c5 30. Rc4 Rab7 31. Rb1 Bh6 32. Rb2 e6 33. b4 cxb4 34. Rcxb4 Rc7 35. Nc4 Rxb4 36. Rxb4 Bf4 37. Rb1 d5 38. exd5 exd5 39. Nb6 Rc5 40. Rf1 Bc7 41. Ra1 Rb5 42. Nd7 Kg7 43. d4 Bxa5 44. Nc5 Bc3 45. Rxa6 Bxd4 46. Nd3 Rb3 47. Nf4 Be5 0-1

[Event "Tatry op"]
[Site "Tatranske Zruby"]
[Date "2003.10.01"]
[Round "6"]
[White "Jedlicka, Ales"]
[Black "Knotek, Anton"]
[Result "1-0"]
[WhiteElo "2327"]
[BlackElo "2105"]
[PlyCount "67"]
[EventDate "2003.09.27"]
[EventType "swiss"]
[EventRounds "9"]
[EventCountry "SVK"]
[SourceTitle "CBM 096 Extra"]
[Source "ChessBase"]
[SourceDate "2003.10.22"]
[SourceVersion "2"]
[SourceVersionDate "2003.10.20"]
[SourceQuality "1"]

1. d4 Nf6 2. c4 e6 3. Nf3 g6 4. Nc3 Bg7 5. Bg5 d6 6. e3 Nbd7 7. Bd3 c5 8. 0-0 a6 9. d5 0-0 10. dxe6 fxe6 11. Qc2 Rf7 12. Rad1 Qf8 13. Nd2 Ne5 14. Be2 Nc6 15. Nde4 Nxe4 16. Nxe4 d5 17. cxd5 exd5 18. Nc3 Rf5 19. Rxd5 Nb4 20. Rxf5 Qxf5 21. Qb3+ Kh8 22. Bf4 b5 23. Bf3 Be6 24. Qd1 Re8 25. Be4 Qf7 26. a3 Bxc3 27. bxc3 Bc4 28. cxb4 Rxe4 29. Re1 cxb4 30. axb4 Re6 31. Qd4+ Qg7 32. Qd8+ Qg8 33. Qc7 Qe8 34. Rd1 1-0

[Event "Tatry op"]
[Site "Tatranske Zruby"]
[Date "2002.09.30"]
[Round "3"]
[White "Knotek, Anton"]
[Black "Langner, Ladislav"]
[Result "0-1"]
[WhiteElo "2136"]
[BlackElo "2398"]
[PlyCount "66"]
[EventDate "2002.09.28"]
[EventType "swiss"]
[EventRounds "9"]
[EventCountry "SVK"]
[SourceTitle "EXT 2005"]
[Source "ChessBase"]
[SourceDate "2004.11.15"]
[SourceVersion "1"]
[SourceVersionDate "2004.11.15"]
[SourceQuality "1"]

1. e4 c5 2. Nf3 e6 3. d4 cxd4 4. Nxd4 a6 5. Nc3 b5 6. Bd3 Bb7 7. 0-0 Qc7 8. Re1 b4 9. Na4 Nf6 10. e5 Nd5 11. Bd2 Nc6 12. Nf3 d6 13. exd6 Bxd6 14. c4 Nf6 15. c5 Bf4 16. Qe2 Bxd2 17. Nxd2 Nd4 18. Qe5 Qc6 19. Ne4 Nf5 20. f3 Nd7 21. Nd6+ Nxd6 22. Qxg7 0-0-0 23. cxd6 Qxa4 24. Rac1+ Kb8 25. Qxf7 Qxa2 26. Rc7 Qxb2 27. Rxd7 Rxd7 28. Qxd7 Qd4+ 29. Kh1 Qxd3 30. Qc7+ Ka8 31. Qe7 b3 32. d7 b2 33. Qe8+ Ka7 0-1